Historical geopraphy of early Assam / (Record no. 57207)

MARC details
000 -LEADER
fixed length control field 00671nam a22002177a 4500
005 - DATE AND TIME OF LATEST TRANSACTION
control field 20170406112733.0
010 ## - LCCN (DPL NO)
LC control number G-001664 ENG-117712
020 ## - INTERNATIONAL STANDARD BOOK NUMBER
International Standard Book Number 9788186307274
Terms of availability 350.00
035 1d - SYSTEM CONTROL NUMBER
System control number G-001664
035 1d - SYSTEM CONTROL NUMBER
System control number EN-101244
037 ## - SOURCE OF ACQUISITION
Source of stock number/acquisition Gift
082 ## - DEWEY DECIMAL CLASSIFICATION NUMBER
Classification number 911.54162
100 ## - MAIN ENTRY--PERSONAL NAME
Personal name Boruah, Nkirode
245 ## - TITLE STATEMENT
Title Historical geopraphy of early Assam /
Statement of responsibility, etc by Nirode Boruah
260 ## - PUBLICATION, DISTRIBUTION, ETC. (IMPRINT)
Place of publication, distribution, etc Guwahati
Name of publisher, distributor, etc DVS Publishers
Date of publication, distribution, etc 2010
270 ## - ADDRESS
Address H.B. Road, Panbazar
City Guwahati
Postal code 781001
300 ## - PHYSICAL DESCRIPTION
Extent xv, 142p.
Dimensions 24cm(Hb)
Other physical details ill.
500 ## - GENERAL NOTE
General note Includes bibliographical references
942 ## - ADDED ENTRY ELEMENTS (KOHA)
Source of classification or shelving scheme Dewey Decimal Classification
Item type English Books
Classification part 911.54162
Call number suffix BOR
Holdings
Withdrawn status Lost status Not for loan Collection code Home library Current library Date acquired Source of acquisition Cost, normal purchase price Full call number Barcode Copy number Cost, replacement price Koha item type
      Non-fiction Ashok Vihar Ashok Vihar 06/04/2017 DBAD/PUB 350.00 911.54162 BOR EN-101244 1 350.00 English Books
      Non-fiction Janak Puri Janak Puri 30/09/2011 gift 350.00 911.54162 BOR G-001664 1 350.00 English Books

© Delhi Public Library
Hit Counter
free hit counter